书目信息 |
| 题名: |
图說博弈论
|
|
| 作者: | 白波 编著 | |
| 分册: | 生存竞争中的策略游戏 | |
| 出版信息: | 哈尔滨 哈尔滨出版社 2009.06 |
|
| 页数: | 148页 | |
| 开本: | 23cm | |
| 丛书名: | ||
| 单 册: | ||
| 中图分类: | O225-49 | |
| 科图分类: | ||
| 主题词: | 对策论--dui ce lun--通俗读物 | |
| 电子资源: | ||
| ISBN: | 978-7-80753-582-9 | |
| 000 | 00924nam0 2200265 450 | |
| 001 | 012010376281 | |
| 005 | 20100726105704.59 | |
| 010 | @a978-7-80753-582-9@dCNY19.80 | |
| 100 | @a20100726d2009 em y0chiy0120 ea | |
| 101 | 0 | @achi |
| 102 | @aCN@b230000 | |
| 105 | @aa z 000yy | |
| 106 | @ar | |
| 200 | 1 | @a图說博弈论@Atu yue bo yi lun@e活学版@i生存竞争中的策略游戏@f白波编著@Fbai bo bian zhu |
| 210 | @a哈尔滨@c哈尔滨出版社@d2009.06 | |
| 215 | @a148页@c图@d23cm | |
| 330 | @a本书主要内容包括:人人的博弈论,囚徒困境:理性决策与不理想的结局,“重复囚徒困境”:合作为什么是可能的等。 | |
| 517 | 1 | @a生存竞争中的策略游戏@Asheng cun jing zheng zhong de ce lue you xi |
| 517 | 1 | @a博弈论@Abo yi lun |
| 518 | 1 | @a图说博弈论@Atu shuo bo yi lun |
| 606 | 0 | @a对策论@Adui ce lun@j通俗读物 |
| 690 | @aO225-49@v4 | |
| 701 | 0 | @a白波@Abai bo@4编著 |
| 801 | 0 | @aCN@bQSSK@c20100726 |
| 905 | @b785678-80@dO225-49@eB116@f3 | |
| 图說博弈论:活学版.生存竞争中的策略游戏/白波编著.-哈尔滨:哈尔滨出版社,2009.06 |
| 148页:图;23cm |
| ISBN 978-7-80753-582-9:CNY19.80 |
| 本书主要内容包括:人人的博弈论,囚徒困境:理性决策与不理想的结局,“重复囚徒困境”:合作为什么是可能的等。 |
| ● |
| 相关链接 |
|
|
|
正题名:图說博弈论
索取号:O225-49/B116
 
预约/预借
| 序号 | 登录号 | 条形码 | 馆藏地/架位号 | 状态 | 备注 |
| 1 | 785678 | 207856783 | 自科库401/401自科库 48排4列4层/ [索取号:O225-49/B116] | 在馆 | |
| 2 | 785679 | 207856792 | 自科库401/401自科库 48排4列4层/ [索取号:O225-49/B116] | 在馆 | |
| 3 | 785680 | 207856809 | 自科库401/401自科库 48排4列4层/ [索取号:O225-49/B116] | 在馆 |